000 00670nam a2200217Ia 4500
005 20220602131830.0
008 210716s2011 xx 000 0 und d
020 _a9789350510643
040 _cAIMIT LIBRARY
041 _aeng
082 _a658.4012
_25
_bJEYM
100 _aJeyarathnam, M.
_940101
245 _aStrategic management /
_cBy M. Jeyarathnam
250 _a5th ed.
260 _aNew Delhi :
_bHimalaya Publishing House ,
_c2011.
300 _a390p. ;
_bPB
_c23.4 cm.
650 _aStrategic Management
_940102
650 _aStrategy Formulation
_940103
650 _aImplementation of strategic Change
_940104
942 _2ddc
_cBK
_e5th ed.
_k658.4012 JEYM
999 _c207068
_d207068